<?xml version="1.0" encoding="UTF-8"?><marc:collection xmlns:marc="http://www.loc.gov/MARC21/slim">
  <marc:record>
    <marc:leader>00965cam a2200217 c 4500</marc:leader>
    <marc:controlfield tag="001">232394652</marc:controlfield>
    <marc:controlfield tag="003">DE-603</marc:controlfield>
    <marc:controlfield tag="005">20240223122302.0</marc:controlfield>
    <marc:controlfield tag="007">tu</marc:controlfield>
    <marc:controlfield tag="008">110308s2009    xx ||||  |   u00| u|ger c</marc:controlfield>
    <marc:datafield tag="035" ind1=" " ind2=" ">
      <marc:subfield code="a">(DE-599)HEB232394652</marc:subfield>
    </marc:datafield>
    <marc:datafield tag="035" ind1=" " ind2=" ">
      <marc:subfield code="a">(OCoLC)706049029</marc:subfield>
    </marc:datafield>
    <marc:datafield tag="040" ind1=" " ind2=" ">
      <marc:subfield code="a">DE-603</marc:subfield>
      <marc:subfield code="b">ger</marc:subfield>
      <marc:subfield code="c">DE-603</marc:subfield>
      <marc:subfield code="d">DE-603</marc:subfield>
    </marc:datafield>
    <marc:datafield tag="041" ind1=" " ind2=" ">
      <marc:subfield code="a">ger</marc:subfield>
    </marc:datafield>
    <marc:datafield tag="245" ind1="0" ind2="0">
      <marc:subfield code="a">Schulordnung für die öffentlichen Realschulen plus, integrierten Gesamtschulen, Gymnasien, Kollegs und Abendgymnasien</marc:subfield>
      <marc:subfield code="b">(übergreifende Schulordnung)</marc:subfield>
      <marc:subfield code="c">Rheinland-Pfalz, Ministerium für Bildung, Wissenschaft, Jugend und Kultur. [Red.: Sebastian Keil]</marc:subfield>
    </marc:datafield>
    <marc:datafield tag="264" ind1=" " ind2="1">
      <marc:subfield code="a">Mainz</marc:subfield>
      <marc:subfield code="c">2009</marc:subfield>
    </marc:datafield>
    <marc:datafield tag="300" ind1=" " ind2=" ">
      <marc:subfield code="a">55 S.</marc:subfield>
    </marc:datafield>
    <marc:datafield tag="583" ind1="1" ind2=" ">
      <marc:subfield code="a">Archivierung/Langzeitarchivierung gewährleistet</marc:subfield>
      <marc:subfield code="f">PERP</marc:subfield>
      <marc:subfield code="5">DE-36</marc:subfield>
      <marc:subfield code="2">pdager</marc:subfield>
    </marc:datafield>
    <marc:datafield tag="700" ind1="1" ind2=" ">
      <marc:subfield code="a">Keil, Sebastian</marc:subfield>
      <marc:subfield code="e">Red.</marc:subfield>
      <marc:subfield code="4">red</marc:subfield>
      <marc:subfield code="0">(DE-603)21148671X</marc:subfield>
    </marc:datafield>
    <marc:datafield tag="710" ind1="1" ind2=" ">
      <marc:subfield code="a">Rheinland-Pfalz</marc:subfield>
      <marc:subfield code="b">Ministerium für Bildung, Wissenschaft, Jugend und Kultur</marc:subfield>
      <marc:subfield code="0">(DE-603)183781309</marc:subfield>
      <marc:subfield code="0">(DE-588)10158511-1</marc:subfield>
      <marc:subfield code="2">gnd</marc:subfield>
    </marc:datafield>
    <marc:datafield tag="924" ind1="0" ind2=" ">
      <marc:subfield code="9">36</marc:subfield>
      <marc:subfield code="a">(DE-603)608310492</marc:subfield>
      <marc:subfield code="b">DE-36</marc:subfield>
      <marc:subfield code="c">HES</marc:subfield>
      <marc:subfield code="d">c</marc:subfield>
      <marc:subfield code="g">K 2011 Q 109</marc:subfield>
    </marc:datafield>
  </marc:record>
</marc:collection>
